| 000 | 00727nam a2200205 a 4500 | ||
|---|---|---|---|
| 001 | 000026502 | ||
| 005 | 20200930030245.0 | ||
| 008 | 110322s1999 dr c 000 0 spa d | ||
| 040 |
_aDO-SdBNP _bspa _cBNPHU |
||
| 082 |
_axxx _bH557o |
||
| 100 | 1 |
_aHernández, Cristina _99600 |
|
| 245 | 1 | 0 |
_aOrganizaciones comunitarias y democracia / _cCristina Hernández, Fausto Pimentel, Mayra, Tavarez. |
| 260 |
_a[s.l.] : _bGrupo de Investigación para la Acción Comunitaria, _c1999. |
||
| 300 |
_a120 p. : _bretrs. ; _c21 cm. |
||
| 500 | _aIncluye datos biográficos de los autores en las solapas | ||
| 700 | 1 |
_aHernández, Cristina _99600 |
|
| 700 | 1 |
_aPimentel, Fausto _953574 |
|
| 700 | 1 |
_aTaveras H., Mayra _953575 |
|
| 049 | _aBNPD | ||
| 999 |
_c25994 _d25994 |
||